[Event "Victoria op"]
[Site "Victoria"]
[Date "2019.01.18"]
[Round "1.2"]
[White "Sardari, Reza1111"]
[Black "Moore, Harry"]
[Result "0-1"]
[WhiteElo "1719"]
[BlackElo "2163"]
[PlyCount "84"]
[EventDate "2019.01.18"]
[EventType "swiss"]
[EventRounds "5"]
[EventCountry "CAN"]
[SourceTitle "EXT 2022"]
[Source "ChessBase"]
[SourceDate "2021.10.06"]
[SourceVersion "1"]
[SourceVersionDate "2021.10.06"]
[SourceQuality "1"]

1. d4 Nf6 2. Bg5 c6 3. Nf3 d5 4. Nc3 Nbd7 5. g3 Ne4 6. Nxe4 dxe4 7. Nd2 Qb6 8. Nb3 Nf6 9. Bg2 Bf5 10. 0-0 0-0-0 11. Bxf6 exf6 12. e3 h5 13. h3 Be6 14. Qe2 f5 15. c4 h4 16. d5 cxd5 17. cxd5 Bxd5 18. g4 g6 19. Qc2+ Kb8 20. Qc3 Bb4 21. Qe5+ Bd6 22. Qd4 fxg4 23. Qxb6 axb6 24. Nd2 f5 25. Rfd1 Be5 26. hxg4 Bxb2 27. Rab1 Bc3 28. Rxb6 Bxa2 29. gxf5 gxf5 30. Rb5 h3 31. Bf1 Be6 32. Rdb1 h2+ 33. Kh1 Rxd2 34. Rxb7+ Kc8 35. Re7 Bd7 36. Rc1 Kd8 37. Rxd7+ Kxd7 38. Bb5+ Ke7 39. Rf1 Be5 40. f3 exf3 41. Rxf3 Rg8 42. Rf1 Rdg2 0-1

[Event "Victoria-Vancouver m"]
[Site "Victoria"]
[Date "2017.01.15"]
[Round "5.3"]
[White "Doknjas, Joshua"]
[Black "Moore, Harry"]
[Result "0-1"]
[WhiteElo "2222"]
[BlackElo "2196"]
[PlyCount "84"]
[EventDate "2017.01.13"]
[EventType "team-match"]
[EventRounds "5"]
[EventCountry "CAN"]
[SourceTitle "EXT 2022"]
[Source "ChessBase"]
[SourceDate "2021.10.06"]
[SourceVersion "1"]
[SourceVersionDate "2021.10.06"]
[SourceQuality "1"]
[WhiteTeam "Vancouver"]
[BlackTeam "Victoria"]
[WhiteTeamCountry "CAN"]
[BlackTeamCountry "CAN"]

1. e4 Nf6 2. e5 Nd5 3. d4 d6 4. c4 Nb6 5. exd6 cxd6 6. Nc3 g6 7. Be3 Bg7 8. Rc1 0-0 9. b3 Nc6 10. d5 Ne5 11. Be2 a5 12. a4 Re8 13. h3 e6 14. dxe6 Bxe6 15. Nf3 d5 16. c5 Nxf3+ 17. Bxf3 d4 18. Nb5 dxe3 19. Qxd8 exf2+ 20. Kxf2 Raxd8 21. cxb6 Rd2+ 22. Kg1 Bxb3 23. Bxb7 Bxa4 24. Nc3 Bd4+ 25. Kh2 Be5+ 26. Kg1 Bc2 27. Nb1 Bxb1 28. Rxb1 Rb8 29. Bf3 Rxb6 30. Rxb6 Bd4+ 31. Kh2 Bxb6 32. Rd1 Rxd1 33. Bxd1 f5 34. Kg3 Kg7 35. Kf3 Kf6 36. g4 h6 37. h4 Ke5 38. Bc2 Bd8 39. gxf5 gxf5 40. h5 f4 41. Ke2 Kd4 42. Kd2 Bg5 0-1

[Event "Victoria-Vancouver m"]
[Site "Victoria"]
[Date "2017.01.15"]
[Round "4.3"]
[White "Moore, Harry"]
[Black "Doknjas, John"]
[Result "0-1"]
[WhiteElo "2196"]
[BlackElo "2275"]
[PlyCount "52"]
[EventDate "2017.01.13"]
[EventType "team-match"]
[EventRounds "5"]
[EventCountry "CAN"]
[SourceTitle "EXT 2022"]
[Source "ChessBase"]
[SourceDate "2021.10.06"]
[SourceVersion "1"]
[SourceVersionDate "2021.10.06"]
[SourceQuality "1"]
[WhiteTeam "Victoria"]
[BlackTeam "Vancouver"]
[WhiteTeamCountry "CAN"]
[BlackTeamCountry "CAN"]

1. e4 c5 2. c3 d5 3. exd5 Qxd5 4. d4 Nf6 5. Nf3 Bg4 6. dxc5 Qxc5 7. Be3 Qc7 8. Na3 a6 9. Qa4+ Nbd7 10. Bf4 Qc8 11. Ne5 Be6 12. Bc4 b5 13. Bxe6 bxa4 14. Bxf7+ Kd8 15. 0-0-0 e6 16. Nac4 Ke7 17. Bg5 Nxe5 18. Nxe5 h6 19. Bh4 g5 20. Bg3 Bg7 21. Rhe1 a3 22. Bg6 axb2+ 23. Kb1 Nd5 24. Rxd5 exd5 25. Nc6+ Kf6 26. Ne7 Qxc3 0-1

[Event "Victoria Grand Pacific op 10th"]
[Site "Victoria"]
[Date "2016.03.28"]
[Round "6"]
[White "North, Robert"]
[Black "Moore, Harry"]
[Result "1-0"]
[WhiteElo "2029"]
[BlackElo "2207"]
[PlyCount "91"]
[EventDate "2016.03.25"]
[EventType "swiss"]
[EventRounds "6"]
[EventCountry "CAN"]
[SourceTitle "CBM 171 Extra"]
[Source "ChessBase"]
[SourceDate "2016.04.26"]
[SourceVersion "1"]
[SourceVersionDate "2016.04.26"]
[SourceQuality "1"]

1. d4 Nf6 2. c4 c5 3. d5 e6 4. Nc3 exd5 5. cxd5 d6 6. g3 g6 7. Bg2 Bg7 8. Nf3 0-0 9. 0-0 Re8 10. Nd2 a6 11. a4 Nbd7 12. e4 Rb8 13. a5 Ne5 14. Qc2 b5 15. axb6 Rxb6 16. h3 Nh5 17. Kh2 f5 18. f4 Rb4 19. Ne2 Nf7 20. Nc4 Nf6 21. Bd2 Nxd5 22. exd5 Rxe2 23. Qd3 Rxd2 24. Nxd2 Bd7 25. Rfe1 g5 26. Re6 gxf4 27. gxf4 Qh4 28. Qg3 Qxg3+ 29. Kxg3 Rxb2 30. Rd1 Ba4 31. Ra1 Bb5 32. Rd1 c4 33. Bf1 c3 34. Bxb5 axb5 35. Re8+ Bf8 36. Rg1 Nh6 37. Nf3 c2 38. Rc8 b4 39. Kh4+ Ng4 40. hxg4 h6 41. Re1 fxg4 42. Nd4 b3 43. Ree8 Kg7 44. Rxf8 c1Q 45. Ne6+ Kg6 46. f5+ 1-0

[Event "Victoria Grand Pacific op 10th"]
[Site "Victoria"]
[Date "2016.03.27"]
[Round "4"]
[White "Moore, Harry"]
[Black "Maisuradze, Nino"]
[Result "0-1"]
[WhiteElo "2207"]
[BlackElo "2350"]
[PlyCount "68"]
[EventDate "2016.03.25"]
[EventType "swiss"]
[EventRounds "6"]
[EventCountry "CAN"]
[SourceTitle "CBM 171 Extra"]
[Source "ChessBase"]
[SourceDate "2016.04.26"]
[SourceVersion "1"]
[SourceVersionDate "2016.04.26"]
[SourceQuality "1"]

1. e4 c5 2. Nf3 Nc6 3. d4 cxd4 4. Nxd4 e5 5. Nb5 d6 6. N1c3 a6 7. Na3 b5 8. Nd5 Nge7 9. c3 Nxd5 10. exd5 Ne7 11. Nc2 Bb7 12. Nb4 Qd7 13. a4 bxa4 14. c4 a5 15. Na2 a3 16. b3 Nf5 17. Bxa3 Be7 18. Bd3 0-0 19. 0-0 Nd4 20. Nc3 f5 21. Na4 Qc7 22. f4 Bf6 23. fxe5 Bxe5 24. Bb2 Qe7 25. Re1 Qh4 26. Rxe5 dxe5 27. Nb6 Rad8 28. c5 Rf6 29. Qe1 Qg4 30. Qg3 Qxg3 31. hxg3 Nxb3 32. Rb1 Nxc5 33. Bxe5 Nxd3 34. Bxf6 gxf6 0-1

[Event "British Columbia-op"]
[Site "Richmond"]
[Date "2016.02.07"]
[Round "4.6"]
[White "Moore, Harry"]
[Black "Doknjas, John"]
[Result "1-0"]
[WhiteElo "2213"]
[BlackElo "2288"]
[PlyCount "97"]
[EventDate "2016.02.06"]
[EventType "swiss"]
[EventRounds "6"]
[EventCountry "CAN"]
[SourceTitle "EXT 2022"]
[Source "ChessBase"]
[SourceDate "2021.10.06"]
[SourceVersion "1"]
[SourceVersionDate "2021.10.06"]
[SourceQuality "1"]

1. d4 Nf6 2. c4 c5 3. d5 e6 4. Nc3 exd5 5. cxd5 d6 6. Nf3 g6 7. e4 Bg7 8. Bg5 a6 9. Nd2 h6 10. Bh4 g5 11. Bg3 b5 12. Be2 0-0 13. 0-0 Re8 14. a3 Bb7 15. Qb3 Qc7 16. Bxb5 axb5 17. Nxb5 Qd7 18. Nxd6 Re7 19. f3 Ba6 20. Rfe1 Nh5 21. Nf5 Nxg3 22. hxg3 Bd4+ 23. Kh2 Re8 24. Nc4 Bxc4 25. Qxc4 Bxb2 26. Rab1 Bg7 27. Rb6 Rxa3 28. Nxg7 Kxg7 29. Qxc5 Ra6 30. Reb1 Rxb6 31. Rxb6 Qd8 32. Qd4+ f6 33. Rb7+ Re7 34. Rb4 Nd7 35. f4 Qe8 36. d6 Re6 37. Rb7 Kh8 38. Rb4 Qf8 39. e5 fxe5 40. fxe5 Qf7 41. Rb7 Qe8 42. g4 Nxe5 43. d7 Qd8 44. Ra7 Re7 45. Ra8 Qxa8 46. d8Q+ Qxd8 47. Qxd8+ Kg7 48. Qxe7+ Nf7 49. Kg3 1-0

[Event "Victoria op Scheveningen"]
[Site "Victoria"]
[Date "2016.01.15"]
[Round "1.4"]
[White "Moore, Harry"]
[Black "Doknjas, Joshua"]
[Result "1/2-1/2"]
[WhiteElo "2206"]
[BlackElo "2198"]
[PlyCount "150"]
[EventDate "2016.01.15"]
[EventType "schev"]
[EventRounds "5"]
[EventCountry "CAN"]
[SourceTitle "EXT 2022"]
[Source "ChessBase"]
[SourceDate "2021.10.06"]
[SourceVersion "1"]
[SourceVersionDate "2021.10.06"]
[SourceQuality "1"]

1. d4 d5 2. c4 c6 3. Nf3 Nf6 4. Nc3 dxc4 5. a4 Bf5 6. e3 e6 7. Bxc4 Bb4 8. 0-0 0-0 9. Qe2 Bg4 10. Rd1 Nbd7 11. e4 Qe7 12. e5 Nd5 13. Nxd5 cxd5 14. Bd3 Rac8 15. Qe3 Bh5 16. Ng5 h6 17. Nf3 Nb8 18. Rf1 Nc6 19. Ne1 Bxe1 20. Qxe1 Nxd4 21. Be3 Nc6 22. Bd2 Qc7 23. f4 Bg6 24. Bxg6 fxg6 25. Qg3 Kh7 26. Be3 Qa5 27. Qg4 d4 28. Bf2 Rf5 29. b4 Qxb4 30. Rab1 Qe7 31. Bg3 Nb4 32. Rfd1 Nc6 33. Rb3 Rcf8 34. Qe2 h5 35. Qe1 R5f7 36. Bh4 Qc5 37. Bg5 Qc4 38. Rh3 Rxf4 39. Bxf4 Rxf4 40. Rb1 b6 41. Qd2 Re4 42. Qg5 Rxe5 43. Qg3 Re3 44. Qh4 Rxh3 45. Qxh3 Qd5 46. Rd1 e5 47. Rc1 d3 48. Qe3 Qd4 49. Kf2 Qh4+ 50. Kg1 Qd4 51. Kf2 Qxa4 52. g3 Qa2+ 53. Kg1 Nd4 54. Rd1 Qe2 55. Rxd3 Qxe3+ 56. Rxe3 Kg8 57. Kf2 Nc6 58. Rc3 Ne7 59. Rc7 Kf7 60. Rxa7 Kf6 61. Rb7 Nd5 62. Rd7 Ke6 63. Rxg7 Ne7 64. Rh7 b5 65. Rh8 b4 66. Rb8 Nd5 67. Ke2 e4 68. Re8+ Kf5 69. Kd2 Nf6 70. Rb8 Nd5 71. Re8 g5 72. h3 h4 73. gxh4 gxh4 74. Rh8 Kg5 75. Rg8+ Kh5 1/2-1/2

[Event "Victoria Grand Pacific op 9th"]
[Site "Victoria"]
[Date "2015.04.04"]
[Round "2"]
[White "Moore, Harry"]
[Black "Ingram, Richard"]
[Result "0-1"]
[WhiteElo "2174"]
[BlackElo "1869"]
[PlyCount "68"]
[EventDate "2015.04.03"]
[EventType "swiss"]
[EventRounds "6"]
[EventCountry "CAN"]
[SourceTitle "CBM 166 Extra"]
[Source "ChessBase"]
[SourceDate "2015.06.18"]
[SourceVersion "1"]
[SourceVersionDate "2015.06.18"]
[SourceQuality "1"]

1. d4 Nf6 2. c4 e6 3. Nc3 Bb4 4. e3 0-0 5. Nge2 d5 6. a3 Bd6 7. c5 Be7 8. b4 c6 9. Ng3 b6 10. f4 a5 11. Bd2 Nfd7 12. Be2 f5 13. 0-0 Ba6 14. Qb3 Bxe2 15. Ngxe2 Qc8 16. Rfc1 Ra7 17. cxb6 Nxb6 18. Na4 Qa6 19. Kf2 Nc4 20. Be1 Nd7 21. Nc5 Bxc5 22. dxc5 Nf6 23. Nd4 Ng4+ 24. Kg1 Ncxe3 25. b5 cxb5 26. h3 b4 27. Bg3 a4 28. Qxb4 Nf6 29. c6 Ne4 30. Bf2 Nc4 31. Nxe6 Re8 32. Rxc4 dxc4 33. c7 Nxf2 34. Qe7 Rxe7 0-1

[Event "Victoria Grand Pacific op 7th"]
[Site "Victoria"]
[Date "2013.03.31"]
[Round "4"]
[White "Moore, Harry"]
[Black "Daswani, Benedict"]
[Result "0-1"]
[WhiteElo "2261"]
[BlackElo "2014"]
[PlyCount "86"]
[EventDate "2013.03.29"]
[EventType "swiss"]
[EventRounds "6"]
[EventCountry "CAN"]
[SourceTitle "CBM 153 Extra"]
[Source "ChessBase"]
[SourceDate "2013.04.22"]
[SourceVersion "1"]
[SourceVersionDate "2013.04.22"]
[SourceQuality "1"]

1. d4 Nf6 2. c4 c5 3. d5 e5 4. Nc3 d6 5. e4 Be7 6. Nf3 0-0 7. h3 Ne8 8. Bd3 g6 9. g4 Ng7 10. Bh6 Nd7 11. Qd2 Nf6 12. Ke2 a6 13. a4 Rb8 14. Ne1 Bd7 15. Nc2 Kh8 16. f3 Ng8 17. Be3 Bh4 18. Rag1 f5 19. gxf5 gxf5 20. Bg5 Bxg5 21. Qxg5 Qxg5 22. Rxg5 f4 23. b4 b6 24. Rgg1 Nf6 25. Rb1 Ngh5 26. Kf2 Ng3 27. Rhc1 Bxh3 28. bxc5 bxc5 29. a5 Bd7 30. Rb6 Rxb6 31. axb6 Rb8 32. Rb1 Rb7 33. Ne2 Nxe2 34. Bxe2 Nh5 35. Ne1 Ng3 36. Bd3 h5 37. Ng2 Kg7 38. Nh4 Kf6 39. Kg2 Kg5 40. Nf5 Nxf5 41. exf5 Bxf5 42. Bxf5 Kxf5 43. Kh3 e4 0-1

[Event "Victoria Grand Pacific op 7th"]
[Site "Victoria"]
[Date "2013.03.30"]
[Round "3"]
[White "Trochtchanovitch, Pavel"]
[Black "Moore, Harry"]
[Result "1/2-1/2"]
[WhiteElo "1997"]
[BlackElo "2261"]
[PlyCount "49"]
[EventDate "2013.03.29"]
[EventType "swiss"]
[EventRounds "6"]
[EventCountry "CAN"]
[SourceTitle "CBM 153 Extra"]
[Source "ChessBase"]
[SourceDate "2013.04.22"]
[SourceVersion "1"]
[SourceVersionDate "2013.04.22"]
[SourceQuality "1"]

1. e4 Nf6 2. e5 Nd5 3. d4 d6 4. Nf3 g6 5. Bc4 c6 6. 0-0 Bg7 7. Re1 0-0 8. Nbd2 dxe5 9. dxe5 Bg4 10. h3 Bxf3 11. Nxf3 Nb6 12. Bb3 Qxd1 13. Rxd1 c5 14. c3 Nc6 15. Bf4 e6 16. Be3 Nxe5 17. Nxe5 Bxe5 18. Bxc5 Rfc8 19. Bxb6 axb6 20. Rd7 Rc7 21. Rad1 Rac8 22. Ba4 Kg7 23. Rxc7 Rxc7 24. Rd7 Kf6 25. Rxc7 1/2-1/2

[Event "Victoria Grand Pacific op 7th"]
[Site "Victoria"]
[Date "2013.03.29"]
[Round "1"]
[White "Landingin, Jofrel"]
[Black "Moore, Harry"]
[Result "0-1"]
[WhiteElo "1809"]
[BlackElo "2261"]
[PlyCount "84"]
[EventDate "2013.03.29"]
[EventType "swiss"]
[EventRounds "6"]
[EventCountry "CAN"]
[SourceTitle "CBM 153 Extra"]
[Source "ChessBase"]
[SourceDate "2013.04.22"]
[SourceVersion "1"]
[SourceVersionDate "2013.04.22"]
[SourceQuality "1"]

1. d4 Nf6 2. c4 g6 3. Nc3 d5 4. cxd5 Nxd5 5. e4 Nxc3 6. bxc3 Bg7 7. Be3 c5 8. Rc1 0-0 9. Qd2 cxd4 10. cxd4 Nc6 11. Nf3 Bg4 12. d5 Bxf3 13. gxf3 Ne5 14. Be2 Qd7 15. h4 Rfc8 16. Rxc8+ Rxc8 17. Bd4 Qa4 18. Bxe5 Bxe5 19. Bd1 Qc4 20. Qe2 Qb4+ 21. Kf1 Rc4 22. Kg2 Rd4 23. Bb3 Rd2 24. Qc4 Qb6 25. Rf1 Qf6 26. Qc8+ Kg7 27. Qg4 Bf4 28. h5 g5 29. Qf5 Qxf5 30. exf5 Kf6 31. Rd1 Rb2 32. Re1 b5 33. Kf1 a5 34. Re2 Bd2 35. d6 exd6 36. h6 a4 37. Bd5 b4 38. Re8 Rb1+ 39. Kg2 b3 40. Rd8 Ke5 41. Bxf7 b2 42. Rb8 a3 0-1

[Event "CAN-ch op 49th"]
[Site "Victoria"]
[Date "2012.07.09"]
[Round "3"]
[White "Botez, Alexandra"]
[Black "Moore, Harry"]
[Result "0-1"]
[WhiteElo "2008"]
[BlackElo "2283"]
[PlyCount "58"]
[EventDate "2012.07.08"]
[EventType "swiss"]
[EventRounds "9"]
[EventCountry "CAN"]
[SourceTitle "CBM 149 Extra"]
[Source "ChessBase"]
[SourceDate "2012.08.24"]
[SourceVersion "1"]
[SourceVersionDate "2012.08.24"]
[SourceQuality "1"]

1. d4 Nf6 2. c4 c5 3. d5 e6 4. Nc3 exd5 5. cxd5 d6 6. Bf4 g6 7. Nf3 Bg7 8. h3 0-0 9. e3 Na6 10. Nd2 Nc7 11. Nc4 b5 12. Bxd6 bxc4 13. Bxf8 Bxf8 14. Bxc4 Bb7 15. e4 Qe7 16. Qe2 Re8 17. Bd3 c4 18. Bc2 Ncxd5 19. 0-0 Nxc3 20. bxc3 Nxe4 21. Bxe4 Qc5 22. Rab1 Rxe4 23. Qd2 Qc6 24. f3 Re8 25. Rfd1 Bc8 26. Re1 Be6 27. Re5 Bd6 28. Re4 Rd8 29. Qg5 Qc5+ 0-1

[Event "Victoria Grand Pacific op 5th"]
[Site "Victoria"]
[Date "2011.04.25"]
[Round "6"]
[White "Maisuradze, Nino"]
[Black "Moore, Harry"]
[Result "1-0"]
[WhiteElo "2296"]
[BlackElo "2278"]
[PlyCount "51"]
[EventDate "2011.04.22"]
[EventType "swiss"]
[EventRounds "6"]
[EventCountry "CAN"]
[SourceTitle "EXT 2014"]
[Source "ChessBase"]
[SourceDate "2013.11.20"]
[SourceVersion "1"]
[SourceVersionDate "2013.11.20"]
[SourceQuality "1"]

1. d4 Nf6 2. c4 g6 3. Nc3 Bg7 4. e4 d6 5. f4 0-0 6. Nf3 c5 7. d5 e6 8. Be2 exd5 9. exd5 Re8 10. 0-0 Ng4 11. Bd3 Ne3 12. Bxe3 Rxe3 13. Qd2 Re8 14. Rae1 Rxe1 15. Rxe1 Bg4 16. Ng5 h6 17. Nge4 Bf5 18. Kh1 Na6 19. Nb5 Bxe4 20. Rxe4 Nc7 21. Nxc7 Qxc7 22. Qe2 Bf6 23. h4 Kg7 24. h5 g5 25. Qg4 Rh8 26. b3 1-0

[Event "Victoria op 4th"]
[Site "Victoria"]
[Date "2010.04.05"]
[Round "6"]
[White "Moore, Harry"]
[Black "Botez, Alexandra"]
[Result "1-0"]
[WhiteElo "2264"]
[BlackElo "1893"]
[PlyCount "105"]
[EventDate "2010.04.02"]
[EventType "swiss"]
[EventRounds "6"]
[EventCountry "CAN"]
[SourceTitle "CBM 135 Extra"]
[Source "ChessBase"]
[SourceDate "2010.05.04"]
[SourceVersion "1"]
[SourceVersionDate "2010.05.04"]
[SourceQuality "1"]

1. d4 Nf6 2. c4 g6 3. Nc3 Bg7 4. e4 d6 5. Nf3 0-0 6. Be2 Nc6 7. d5 Ne5 8. Nxe5 dxe5 9. 0-0 Ne8 10. Qb3 b6 11. Be3 Nd6 12. c5 bxc5 13. Bxc5 Bd7 14. Bxd6 exd6 15. Rac1 Bh6 16. Rc2 Qb8 17. Bb5 Rd8 18. Qa4 Bxb5 19. Nxb5 Rc8 20. Rc6 Qb7 21. Qa6 Qxa6 22. Rxa6 Rab8 23. a4 Rb7 24. Rd1 Bg5 25. g3 f5 26. exf5 gxf5 27. Rd3 e4 28. Rc3 Bf6 29. Rc2 Be5 30. b3 Rcb8 31. Rac6 h6 32. R2c4 Kf8 33. b4 Kg8 34. Kg2 Kh8 35. Rxc7 Rxc7 36. Nxc7 Kg8 37. b5 Kf7 38. Ne6 Kf6 39. Rc7 Ra8 40. Rb7 Bc3 41. Nc7 Rc8 42. Rxa7 Bd4 43. Rb7 Bc3 44. b6 Ba5 45. Nb5 Ke5 46. Rd7 Bxb6 47. Rxd6 Bc5 48. Rc6 Rxc6 49. dxc6 Ke6 50. a5 e3 51. fxe3 Bxe3 52. a6 Ke7 53. a7 1-0

[Event "Victoria op 4th"]
[Site "Victoria"]
[Date "2010.04.03"]
[Round "3"]
[White "Murray, Mike"]
[Black "Moore, Harry"]
[Result "0-1"]
[WhiteElo "1898"]
[BlackElo "2264"]
[PlyCount "50"]
[EventDate "2010.04.02"]
[EventType "swiss"]
[EventRounds "6"]
[EventCountry "CAN"]
[SourceTitle "CBM 135 Extra"]
[Source "ChessBase"]
[SourceDate "2010.05.04"]
[SourceVersion "1"]
[SourceVersionDate "2010.05.04"]
[SourceQuality "1"]

1. e4 e6 2. Nc3 d5 3. Nf3 Nf6 4. e5 Nfd7 5. d4 c5 6. dxc5 Bxc5 7. Bd3 Nc6 8. Qe2 a6 9. Bf4 h6 10. 0-0-0 g5 11. Bg3 g4 12. Nh4 Ndxe5 13. f4 Nxd3+ 14. Rxd3 Be7 15. Qxg4 h5 16. Qh3 Qa5 17. Be1 Nb4 18. Qe3 Nxd3+ 19. Qxd3 Bd7 20. f5 0-0-0 21. fxe6 Bxe6 22. Nf5 Bg5+ 23. Kb1 d4 24. Nxd4 Rxd4 25. Qxd4 Rd8 0-1

[Event "Victoria Grand Pacific op 2nd"]
[Site "Victoria"]
[Date "2008.03.23"]
[Round "5"]
[White "Daniluk, Jim"]
[Black "Moore, Harry"]
[Result "1-0"]
[WhiteElo "2037"]
[BlackElo "2281"]
[PlyCount "63"]
[EventDate "2008.03.21"]
[EventType "swiss"]
[EventRounds "6"]
[EventCountry "CAN"]
[SourceTitle "EXT 2011"]
[Source "ChessBase"]
[SourceDate "2010.11.26"]
[SourceVersion "1"]
[SourceVersionDate "2010.11.26"]
[SourceQuality "1"]

1. d4 Nf6 2. Nf3 g6 3. c4 Bg7 4. Nc3 0-0 5. g3 d6 6. Bg2 Nbd7 7. h3 e5 8. 0-0 c6 9. e4 Re8 10. Re1 a5 11. Rb1 exd4 12. Nxd4 d5 13. exd5 Rxe1+ 14. Qxe1 cxd5 15. Ndb5 dxc4 16. Nd6 Nc5 17. Nxc4 Bf5 18. Be3 Bxb1 19. Bxc5 Qc7 20. Be3 Bf5 21. b3 Re8 22. Qc1 h5 23. Bf4 Qd7 24. Nd6 Rf8 25. Kh2 b6 26. Na4 Qe6 27. Nxb6 Be4 28. Qc4 Qxc4 29. bxc4 Bxg2 30. Kxg2 Ne8 31. Nb7 Bd4 32. Nd7 1-0

[Event "Victoria Grand Pacific op 2nd"]
[Site "Victoria"]
[Date "2008.03.23"]
[Round "4"]
[White "Moore, Harry"]
[Black "Leblanc, Paul"]
[Result "1/2-1/2"]
[WhiteElo "2281"]
[BlackElo "1955"]
[PlyCount "74"]
[EventDate "2008.03.21"]
[EventType "swiss"]
[EventRounds "6"]
[EventCountry "CAN"]
[SourceTitle "EXT 2011"]
[Source "ChessBase"]
[SourceDate "2010.11.26"]
[SourceVersion "1"]
[SourceVersionDate "2010.11.26"]
[SourceQuality "1"]

1. c4 c6 2. Nf3 d5 3. g3 Bf5 4. cxd5 cxd5 5. Qb3 Qc8 6. Nc3 e6 7. Bg2 Nf6 8. 0-0 Be7 9. d3 0-0 10. e4 dxe4 11. Nh4 Nc6 12. Nxf5 exf5 13. dxe4 fxe4 14. Nxe4 Nxe4 15. Bxe4 Qc7 16. Be3 Bf6 17. Qb5 Qe5 18. Qxe5 Bxe5 19. Rac1 Bxb2 20. Rb1 Bf6 21. Rxb7 Rac8 22. Bxc6 Rxc6 23. Rxa7 h5 24. h4 Be5 25. Rd1 Re8 26. Rad7 Bxg3 27. Rd8 Rce6 28. Bg5 Bc7 29. Rxe8+ Rxe8 30. a4 f6 31. Be3 Re4 32. Rd4 Rxd4 33. Bxd4 Ba5 34. Kf1 Kf7 35. Ke2 Ke6 36. Kd3 Kd5 37. Be3 Be1 1/2-1/2

[Event "British Columbia-ch"]
[Site "Victoria"]
[Date "2007.04.07"]
[Round "4"]
[White "Jiang, Louie"]
[Black "Moore, Harry"]
[Result "1/2-1/2"]
[WhiteElo "2072"]
[BlackElo "2290"]
[PlyCount "57"]
[EventDate "2007.04.06"]
[EventType "tourn"]
[EventRounds "7"]
[EventCountry "CAN"]
[SourceTitle "EXT 2008"]
[Source "ChessBase"]
[SourceDate "2007.11.25"]
[SourceVersion "1"]
[SourceVersionDate "2007.11.25"]
[SourceQuality "1"]

1. e4 e6 2. d4 d5 3. Nc3 Bb4 4. e5 c5 5. a3 Ba5 6. Nf3 cxd4 7. Qxd4 Nc6 8. Qg4 Bxc3+ 9. bxc3 Nge7 10. Qxg7 Rg8 11. Qxh7 Bd7 12. Bd3 Qc7 13. 0-0 Nxe5 14. Nxe5 Qxe5 15. Qh6 0-0-0 16. Qf4 Qxc3 17. Bd2 Qg7 18. g3 e5 19. Qb4 Nc6 20. Qb2 Nd4 21. Be3 Nf3+ 22. Kg2 Bh3+ 23. Kh1 Rh8 24. Rfb1 f6 25. Ba6 Rd7 26. Be2 Bg2+ 27. Kxg2 Rxh2+ 28. Kf1 Rh1+ 29. Kg2 1/2-1/2

[Event "Victoria Taylor Memorial"]
[Site "Victoria"]
[Date "2005.11.26"]
[Round "2.2"]
[White "Gansvind, Valeriya I"]
[Black "Moore, Harry"]
[Result "1/2-1/2"]
[WhiteElo "2286"]
[BlackElo "2282"]
[PlyCount "79"]
[EventDate "2005.11.26"]
[EventType "swiss"]
[EventRounds "4"]
[EventCountry "CAN"]
[SourceTitle "EXT 2022"]
[Source "ChessBase"]
[SourceDate "2021.10.06"]
[SourceVersion "1"]
[SourceVersionDate "2021.10.06"]
[SourceQuality "1"]

1. d4 e6 2. Nf3 f5 3. c4 Nf6 4. g3 Be7 5. Bg2 0-0 6. 0-0 d6 7. b3 Qe8 8. Bb2 Qh5 9. e3 Ne4 10. Nfd2 Qxd1 11. Rxd1 Nxd2 12. Nxd2 Bf6 13. Rac1 c5 14. Ba3 cxd4 15. exd4 Rd8 16. d5 e5 17. c5 dxc5 18. Rxc5 Nd7 19. Rc2 Nb6 20. Nc4 Nxc4 21. Rxc4 Be6 22. Rc7 e4 23. d6 Rac8 24. Rxb7 Rc2 25. Bf1 Rxa2 26. Bc5 Rc2 27. Bxa7 Rb2 28. b4 Bb3 29. Rc1 h6 30. Bc5 Rd2 31. Bc4+ Bxc4 32. Rxc4 Be5 33. h4 Bxd6 34. Bxd6 R8xd6 35. Rc8+ Kh7 36. h5 e3 37. Rbb8 exf2+ 38. Kg2 f1Q+ 39. Kxf1 Rd1+ 40. Ke2 1/2-1/2